000 00315nam a2200133Ia 4500
008 240624s9999 xx 000 0 und d
041 _aeng
082 _a823 RAN
100 _aRANKIN IAN
245 _aIMPOSSIBLE DEAD
260 _c2012
_aLondon
_bOrion Publication
300 _a423p. : cm. ; 18
365 _cRS
_b25
999 _c19921
_d19921